00860nam a2200265 a 4500001001300000003000900013005001700022008004100039020001400080082001700094100002300111245007900134260004800213300000900261500003500270505002400305650002500329650002900354650002400383700002300407902000800430942000700438952013200445999001700577nice12345678IN_TiNIC20260116013359.0050524s1992 cama grp 000 0 eng  ac1269.6500a291.211bOVE aOverzee, Anne Hunt aBody Divineb the Symbol of the Body in the Works of Teilhard De Chardin & aCambridgebCambridge University Pressc1992 a218p aincludes index and biblioraphy2 aselect bibliography aComparative Religion aGod-Comparative Religion aRamanuja-Philosophy1 aOverzee, Anne Hunt bSRS cBK 001040708StackRoom-aHMIbHMId2007-07-19g1269.65l1o291.211 OVEp017039r2018-08-16s2018-08-09v1269.65w2005-05-24yBK c10777d10777